Паровые и водогрейные котлы: производственно-техническая документация ответственного за исправное состояние и безопасную эксплуатацию

Bibliografiske detaljer
Hovedforfatter: Бадагуев Б. Т. Булат Тимофеевич
Summary:В книге подробно изложено содержание примерного перечня локальных документов в сфере охраны труда, которые должны быть на предприятии для организации безопасной эксплуатации и обслуживания паровых и водогрейных котлов, а также даны комментарии к ним. Приведены образцы приказов по организации надзора за состоянием, содержанием и ремонтом паровых и водогрейных котлов, графиков их планово-предупредительных ре­монтов, журналов применяемых в процессе работы. Практическое пособие написано в до­ступной форме, содержит достаточно необходимой информации для использования и практической деятельности. Книга носит рекомендательный характер и может быть по­лезна для руководителей предприятий и организаций, инженерно-технических работни­ков, ответственных за сохранность и безопасную эксплуатацию котлов, специалистов ох­раны труда.
Sprog:russisk
Udgivet: Москва, Альфа-Пресс, 2013
Fag:
Format: MixedMaterials Bog
KOHA link:https://koha.lib.tpu.ru/cgi-bin/koha/opac-detail.pl?biblionumber=299982

MARC

LEADER 00000nam0a2200000 4500
001 299982
005 20231102001245.0
010 |a 9785942805937 
035 |a (RuTPU)RU\TPU\book\325135 
090 |a 299982 
100 |a 20150706d2013 km y0rusy50 ca 
101 0 |a rus 
102 |a RU 
105 |a y z 000zy 
200 1 |a Паровые и водогрейные котлы: производственно-техническая документация ответственного за исправное состояние и безопасную эксплуатацию  |f Б. Т. Бадагуев 
210 |a Москва  |c Альфа-Пресс  |d 2013 
215 |a 488 с. 
330 |a В книге подробно изложено содержание примерного перечня локальных документов в сфере охраны труда, которые должны быть на предприятии для организации безопасной эксплуатации и обслуживания паровых и водогрейных котлов, а также даны комментарии к ним. Приведены образцы приказов по организации надзора за состоянием, содержанием и ремонтом паровых и водогрейных котлов, графиков их планово-предупредительных ре­монтов, журналов применяемых в процессе работы. Практическое пособие написано в до­ступной форме, содержит достаточно необходимой информации для использования и практической деятельности. Книга носит рекомендательный характер и может быть по­лезна для руководителей предприятий и организаций, инженерно-технических работни­ков, ответственных за сохранность и безопасную эксплуатацию котлов, специалистов ох­раны труда. 
606 1 |a Паровые котлы  |x Технический надзор  |x Эксплуатация  |2 stltpush  |3 (RuTPU)RU\TPU\subj\48206  |9 67083 
610 1 |a водогрейные котлы 
610 1 |a производственно-техническая документация 
610 1 |a состав 
610 1 |a объем 
610 1 |a охрана труда 
610 1 |a безопасная эксплуатация 
610 1 |a планово-предупредительный ремонт 
610 1 |a рекомендации 
675 |a 621.182.004  |v 3 
700 1 |a Бадагуев  |b Б. Т.  |g Булат Тимофеевич 
801 1 |a RU  |b 63413507  |c 20150706 
801 2 |a RU  |b 63413507  |c 20150817  |g RCR 
942 |c BK